zpět

Detail výsledku týmu

U Tichnů, Svémyslice

Datum a čas kvízu

11.5 Celkem bodů Celkový počet nahraných bodů na tomto kvízu bez doplňovacích otázek.
3. Pořadí na kvízu Konečné umístění týmu na tomto kvízu.

Zaznamenané odpovědi

# Otázka Odpověď Body Výsledky
1. Kolik Českých lvů získal při s... 0
2. Do prodejny mobilů přišla žena... 0
3. Umělkyně Kateřina Šedá chystá... 0
4. Minulý týden byla vydána další... 0
5. Oscara získal minulý týden i j... 0
6. V tomto tématu si posvítíme na... 0
7. Které jsou nejrozšířenější jaz... 0
8. Největší jezera na světě co do... 0
9. Státy USA s největší rozlohou:... 0
10. Evropské země podle rozlohy: 1... 0